00810nam a2200205 i 4500001000700000003000900007005001700016007000300033008004100036080003300077100004000110245012600150260003100276300003000307504002000337600004000357852006600397999001900463952012200482128309ES-MaACL20250325063044.0t|070629s1971 fr a |||| | fre d a72 Gaudí, Antoni (083.824)1 aGaudí, Antoni, d1852-192695599410aGaudí b: pionniers du XXe siècle 2 : [exposición] Musée des Arts Décoratifs, Paris, 19 juin-27 septembre 1971. aParis : b[s.n.], c[1971] a118 p. : bil. ; c25 cm. aBibliografía.14aGaudí, Antoni, d1852-1926955994 aES-MaACLjE-11785 z. - Biblioteca Jacinto Martínez Lacalle c128309d128309 00104070aATENEOMbATENEOMcDEPO2d2008-01-17eSCl0oE-11785p1133636r2023-02-23 00:00:00w2023-02-23yMONOGRAFIA